000 01221nam a2200337Ia 4500
001 Z_7134
003 CHAP
005 20221109173553.0
008 220113s2018 xx 000 0 und d
010 _a170406
040 _cCHAP
090 _aTesis P59 2678
100 _aPizaña Hernández, Luis Gerardo
_9135692
245 _aFracciones proteícas de cinco ingredientes usados en la nutrición de rumiantes /
_cLuis Gerardo Pizaña Hernández
260 _aMéxico :
_bEl autor,
_c2018
300 _a26 p.
502 _aTesis (Ingeniero Agrónomo Especialista en Zootecnia) -- UACh, 2018 \ Dirección: Eliseo Sosa Montes; asesoría: José Isidro Alejos de la Fuente y Esther Sosa Montes
650 _aDigestibilidad in situ
_9146863
650 _aDigestibilidad química
_9146864
650 _aEcuaciones
_935304
650 _aModelo de Cornell
_9146865
700 _a Alejos de la Fuente, José Isidro, asesor
_9145277
700 _a Sosa Montes, Esther, asesor
_9137539
700 _aSosa Montes, Eliseo, director
_9146582
856 4 2 _uhttp://10.13.5.2/tesis/sist115432.pdf
_yDescargar PDF
901 _aTESIS P59 2678
902 _aM
910 _a2018
942 _c2
_2ddc
942 _c2
_2ddc
999 _c170406
_d170406